[Event "11th LCC FIDE Open 2019"]
[Site "London"]
[Date "2019.12.05"]
[Round "8.32"]
[White "Deaconu, Mihai-Ionut"]
[Black "Pasztor, Balazs"]
[Result "0-1"]
[WhiteElo "1957"]
[BlackElo "2166"]
[Annotator "NA RC"]
[PlyCount "58"]
[EventDate "2019.11.29"]
[EventType "swiss"]
[EventCountry "ENG"]
[SourceTitle "playchess.com"]
[Source "ChessBase"]
[SourceQuality "1"]
[TimeControl "40/5400+30:1800+30"]

1. d4 {[%emt 0:02:20]} d5 {[%emt 0:00:00]} 2. c4 {[%emt 0:00:04]} dxc4 {[%emt 0:00:07]} 3. Nf3 {[%emt 0:00:04]} Nf6 {[%emt 0:00:42]} 4. e3 {[%emt 0:00:04]} a6 {[%emt 0:00:47]} 5. Bxc4 {[%emt 0:00:06]} e6 {[%emt 0:00:31]} 6. O-O {[%emt 0:00:17]} c5 {[%emt 0:00:54]} 7. Nc3 {[%emt 0:00:33]} b5 {[%emt 0:02:02]} 8. Bb3 {[%emt 0:04:15]} Bb7 {[%emt 0:01:30]} 9. Qe2 {[%emt 0:07:08]} Nbd7 {[%emt 0:03:09]} 10. Rd1 {[%emt 0:01:15]} Qb6 {[%emt 0:02:36]} 11. a3 {[%emt 0:12:10]} Rd8 {[%emt 0:08:28]} 12. dxc5 {[%emt 0:07:50]} Bxc5 {[%emt 0:02:25]} 13. Ba2 {[%emt 0:00:21]} O-O {[%emt 0:10:55]} 14. b4 {[%emt 0:01:57]} Bd6 {[%emt 0:05:45]} 15. h3 {[%emt 0:02:34]} Ne5 {[%emt 0:14:16]} 16. Bb2 {[%emt 0:13:22]} Bxf3 {[%emt 0:06:42]} 17. gxf3 {[%emt 0:00:05]} Qb7 {[%emt 0:01:51]} 18. e4 {[%emt 0:12:52]} Ng6 {[%emt 0:14:35]} 19. Qf1 {[%emt 0:21:49]} Be5 {[%emt 0:05:50]} 20. Rab1 {[%emt 0:02:41]} Nh4 {[%emt 0:03:13]} 21. Rd3 {[%emt 0:00:09]} Nh5 {[%emt 0:01:09]} 22. Bc1 {[%emt 0:00:09]} Qe7 {[%emt 0:01:13]} 23. Kh1 {[%emt 0:05:23]} Qf6 {[%emt 0:01:30]} 24. Nd1 {[%emt 0:01:36]} Rxd3 {[%emt 0:01:57]} 25. Qxd3 {[%emt 0:00:03]} Rd8 {[%emt 0:01:38]} 26. Qe2 {[%emt 0:00:05]} Nf4 {[%emt 0:01:34]} 27. Qf1 {[%emt 0:00:09]} Nxh3 {[%emt 0:02:30]} 28. Ne3 {[%emt 0:01:40]} Qxf3+ {[%emt 0:00:15]} 29. Ng2 {[%emt 0:00:40]} Rd1 {[%emt 0:00:11]} 0-1

[Event "11th LCC FIDE Open 2019"]
[Site "London"]
[Date "2019.12.05"]
[Round "8.33"]
[White "Dias, Savin"]
[Black "Ethelontis, Alexandros N"]
[Result "1-0"]
[WhiteElo "1916"]
[BlackElo "2139"]
[Annotator "TA"]
[PlyCount "89"]
[EventDate "2019.11.29"]
[EventType "swiss"]
[EventCountry "ENG"]
[SourceTitle "playchess.com"]
[Source "ChessBase"]
[SourceQuality "1"]

{[%evp 11,89,0,2,-37,61,62,61,46,47,40,45,40,44,46,46,57,51,53,56,54,50,-3,-6,-13,-5,-2,-1,-40,-13,-53,-8,-26,0,0,-1,-29,19,18,22,29,21,20,102,95,93,72,70,84,380,378,348,254,220,228,227,231,200,197,184,-7,303,295,1827,1771,1845,1782,1840,1839,1758,1720,1584,1342,2163,2045,2267,2191,12838,11671,12841,11712]} 1. e4 d6 2. d4 Nf6 3. Nc3 g6 4. f4 Bg7 5. Nf3 O-O 6. Be2 c5 7. e5 {B09: Pirc Defence: Austrian Attack} (7. dxc5 Qa5 8. O-O Qxc5+ 9. Kh1 Ng4 10. Qe1 Ne3 11. Bxe3 Qxe3 12. Bd3 Qxe1 13. Raxe1 Nc6 14. e5 dxe5 15. Nxe5 Nxe5 16. fxe5 Be6 17. Nb5 Rfc8 {0-1 (53) Potapov,P (2516)-Timofeev,A (2589) St Petersburg 2018}) 7... Ng4 ({Better is} 7... Nfd7 $1 $15) 8. dxc5 $14 dxe5 9. Qxd8 {White is slightly better.} Rxd8 10. h3 Nh6 $146 ({Predecessor:} 10... e4 11. Ng5 Bxc3+ 12. bxc3 Nf6 13. Bc4 e6 14. Be3 {0-1 (34) Pizzo,S (1766)-Melloul,C (2008) Angers 2010}) 11. fxe5 Nf5 12. Bf4 Nc6 13. Bb5 Ncd4 14. O-O-O $1 Be6 15. Bd3 Nxf3 16. Bxf5 (16. gxf3 $14 Rac8 17. Be4) 16... Rxd1+ 17. Rxd1 {[#] Black must now prevent Bxe6.} Bxf5 18. gxf3 Bxh3 19. b4 h5 20. Kd2 Rc8 21. Ke3 Be6 22. Nd5 Kf8 23. c4 Bf5 24. Bg5 Bxe5 {And now ...f6 would win.} 25. Nxe7 Re8 $1 26. Nxf5 Bf6+ (26... gxf5 $11 {keeps the balance.} 27. Kf2 f6) 27. Kf4 $16 Be5+ 28. Ke4 {Hoping for Be7+!} Bf6+ 29. Kd5 $1 Re5+ $2 {[%mdl 8192]} (29... Bxg5 $16 30. Nd6 Re7) 30. Kd6 $18 Re6+ 31. Kd7 {Threatens to win with Bxf6.} Bxg5 {[%mdl 4096] Endgame KRB-KRN} 32. Nd6 Re7+ 33. Kc8 Bf4 34. b5 h4 {[#]} 35. Rh1 $2 (35. c6 $1 $18 {[%cal Rc6b7]} bxc6 36. bxc6) 35... b6 $2 {[%mdl 8192]} (35... g5 $11 {and Black stays safe.}) 36. Rxh4 g5 $2 (36... Be5 37. f4 Bf6) 37. Rh8+ {White is clearly winning.} Kg7 38. Nf5+ Kxh8 39. Nxe7 bxc5 {KB-KN} 40. Kb7 Kg7 41. Kxa7 f6 42. Kb6 Kf7 43. Nd5 Be5 44. a4 {[%cal Ba2a4,Ba4a5][%mdl 32]} Ke8 45. a5 {Accuracy: White = 55%, Black = 37%.} 1-0

[Event "11th LCC FIDE Open 2019"]
[Site "London"]
[Date "2019.12.05"]
[Round "8.34"]
[White "Zapolskis, Antanas"]
[Black "De Coverly, Roger D"]
[Result "1-0"]
[WhiteElo "2280"]
[BlackElo "1986"]
[Annotator "NA"]
[PlyCount "65"]
[EventDate "2019.11.29"]
[EventType "swiss"]
[EventCountry "ENG"]
[SourceTitle "playchess.com"]
[Source "ChessBase"]
[SourceQuality "1"]
[TimeControl "40/5400+30:1800+30"]

1. d4 {[%emt 0:00:00]} Nf6 {[%emt 0:00:00]} 2. Bg5 {[%emt 0:01:06]} d5 {[%emt 0:00:00]} 3. c3 {[%emt 0:00:21]} e6 {[%emt 0:03:07]} 4. Nd2 {[%emt 0:00:46]} Be7 {[%emt 0:00:50]} 5. e3 {[%emt 0:01:09]} h6 {[%emt 0:00:33]} 6. Bh4 {[%emt 0:00:26]} Nbd7 {[%emt 0:00:40]} 7. Ngf3 {[%emt 0:02:09]} O-O {[%emt 0:00:36]} 8. Bd3 {[%emt 0:00:12]} c5 {[%emt 0:01:48]} 9. O-O {[%emt 0:00:34]} b6 {[%emt 0:01:12]} 10. Ne5 {[%emt 0:09:18]} Nxe5 {[%emt 0:02:47]} 11. dxe5 {[%emt 0:00:08]} Nd7 {[%emt 0:00:48]} 12. Bxe7 {[%emt 0:00:28]} Qxe7 {[%emt 0:00:07]} 13. f4 {[%emt 0:00:52]} Bb7 {[%emt 0:02:00]} 14. Qh5 {[%emt 0:07:01]} f5 {[%emt 0:08:01]} 15. g4 {[%emt 0:00:21]} Qe8 {[%emt 0:03:28]} 16. Qh4 {[%emt 0:08:10]} c4 {[%emt 0:03:47]} 17. Bc2 {[%emt 0:00:19]} Qg6 {[%emt 0:03:09]} 18. h3 {[%emt 0:00:44]} h5 {[%emt 0:06:58]} 19. Kf2 {[%emt 0:01:08]} hxg4 {[%emt 0:08:48]} 20. Rg1 {[%emt 0:00:46]} Nc5 {[%emt 0:02:28]} 21. hxg4 {[%emt 0:02:07]} Ne4+ {[%emt 0:02:13]} 22. Ke2 {[%emt 0:01:44]} Qh7 {[%emt 0:07:48]} 23. Qxh7+ {[%emt 0:01:15]} Kxh7 {[%emt 0:00:06]} 24. gxf5 {[%emt 0:00:34]} exf5 {[%emt 0:02:20]} 25. Nf3 {[%emt 0:01:22]} Rae8 {[%emt 0:04:12]} 26. Rg2 {[%emt 0:08:05]} Kg8 {[%emt 0:04:32]} 27. Rag1 {[%emt 0:03:28]} Re7 {[%emt 0:04:52]} 28. Bxe4 {[%emt 0:00:14]} dxe4 {[%emt 0:07:17]} 29. Nh4 {[%emt 0:01:18]} Rd7 {[%emt 0:02:11]} 30. e6 {[%emt 0:00:13]} Rc7 {[%emt 0:01:10]} 31. Ng6 {[%emt 0:00:43]} Re8 {[%emt 0:00:49]} 32. Rh2 {[%emt 0:00:18]} Rxe6 {[%emt 0:00:36]} 33. Rh8+ {[%emt 0:00:08]} 1-0

[Event "11th LCC FIDE Open 2019"]
[Site "London"]
[Date "2019.12.05"]
[Round "8.35"]
[White "Chakanyuka, Charles"]
[Black "McClement, Andrew"]
[Result "0-1"]
[WhiteElo "1995"]
[BlackElo "2226"]
[Annotator "NA RC"]
[PlyCount "106"]
[EventDate "2019.11.29"]
[EventType "swiss"]
[EventCountry "ENG"]
[SourceTitle "playchess.com"]
[Source "ChessBase"]
[SourceQuality "1"]
[TimeControl "40/5400+30:1800+30"]

1. c4 {[%emt 0:04:46]} Nf6 {[%emt 0:01:15]} 2. Nc3 {[%emt 0:00:10]} e6 {[%emt 0:00:03]} 3. Nf3 {[%emt 0:00:16]} c5 {[%emt 0:02:16]} 4. g3 {[%emt 0:00:28]} Nc6 {[%emt 0:00:38]} 5. Bg2 {[%emt 0:00:10]} Be7 {[%emt 0:00:33]} 6. O-O {[%emt 0:00:17]} O-O {[%emt 0:00:20]} 7. d3 {[%emt 0:01:59]} a6 {[%emt 0:01:40]} 8. a3 {[%emt 0:01:44]} Rb8 {[%emt 0:00:16]} 9. Bf4 {[%emt 0:01:41]} d6 {[%emt 0:00:07]} 10. Rb1 {[%emt 0:02:54]} b5 {[%emt 0:00:19]} 11. Nd2 {[%emt 0:06:09]} Bd7 {[%emt 0:03:39]} 12. Nde4 {[%emt 0:01:24]} Ne8 {[%emt 0:01:36]} 13. b3 {[%emt 0:17:23]} f5 {[%emt 0:00:39]} 14. Nxc5 {[%emt 0:03:42]} dxc5 {[%emt 0:00:02]} 15. Bxb8 {[%emt 0:00:20]} Qxb8 {[%emt 0:00:14]} 16. e3 {[%emt 0:02:09]} Nf6 {[%emt 0:01:10]} 17. Qe2 {[%emt 0:04:11]} Qb6 {[%emt 0:08:21]} 18. Rfd1 {[%emt 0:02:19]} Rb8 {[%emt 0:00:54]} 19. Qc2 {[%emt 0:03:58]} Be8 {[%emt 0:05:15]} 20. Ne2 {[%emt 0:00:41]} Nd8 {[%emt 0:16:00]} 21. d4 {[%emt 0:05:24]} cxd4 {[%emt 0:00:25]} 22. exd4 {[%emt 0:00:08]} Bxa3 {[%emt 0:10:11]} 23. c5 {[%emt 0:02:08]} Qa7 {[%emt 0:02:33]} 24. Nf4 {[%emt 0:06:32]} Bb4 {[%emt 0:09:48]} 25. Ra1 {[%emt 0:04:42]} a5 {[%emt 0:03:20]} 26. Qe2 {[%emt 0:10:37]} Bf7 {[%emt 0:06:53]} 27. Qe5 {[%emt 0:05:01]} Rc8 {[%emt 0:03:22]} 28. Nd3 {[%emt 0:04:18]} Bc3 {[%emt 0:00:37]} 29. Rac1 {[%emt 0:00:24]} b4 {[%emt 0:00:18]} 30. Nf4 {[%emt 0:02:11]} Nc6 {[%emt 0:08:42]} 31. Qe3 {[%emt 0:03:07]} Ng4 {[%emt 0:00:23]} 32. Qd3 {[%emt 0:01:46]} Nxd4 {[%emt 0:02:01]} 33. Rxc3 {[%emt 0:02:35]} bxc3 {[%emt 0:00:09]} 34. h3 {[%emt 0:00:41]} c2 {[%emt 0:00:25]} 35. Rc1 {[%emt 0:00:19]} Qxc5 {[%emt 0:00:48]} 36. hxg4 {[%emt 0:00:07]} e5 {[%emt 0:00:16]} 37. Ne2 {[%emt 0:01:05]} Nxb3 {[%emt 0:00:19]} 38. Rf1 {[%emt 0:00:25]} c1=Q {[%emt 0:03:09]} 39. Nxc1 {[%emt 0:00:17]} Nxc1 {[%emt 0:00:08]} 40. Qxf5 {[%emt 0:00:33]} Ne2+ {[%emt 0:00:26]} 41. Kh2 {[%emt 0:30:15]} Nd4 {[%emt 0:30:21]} 42. Qd7 {[%emt 0:00:28]} Be6 {[%emt 0:00:24]} 43. Qb7 {[%emt 0:00:17]} Bxg4 {[%emt 0:00:27]} 44. Ra1 {[%emt 0:00:00]} Rf8 {[%emt 0:00:00]} 45. Qd5+ {[%emt 0:00:00]} Qxd5 {[%emt 0:00:00]} 46. Bxd5+ {[%emt 0:00:00]} Be6 {[%emt 0:00:00]} 47. Rxa5 {[%emt 0:00:00]} Bxd5 {[%emt 0:00:00]} 48. Rxd5 {[%emt 0:00:00]} Rxf2+ {[%emt 0:00:00]} 49. Kh3 {[%emt 0:00:00]} Rf5 {[%emt 0:00:00]} 50. g4 {[%emt 0:00:00]} Rg5 {[%emt 0:00:00]} 51. Kh4 {[%emt 0:00:00]} h6 {[%emt 0:00:00]} 52. Rd8+ {[%emt 0:00:00]} Kf7 {[%emt 0:00:00]} 53. Rd6 {[%emt 0:00:00]} Nc2 {[%emt 0:00:00]} 0-1

[Event "11th LCC FIDE Open 2019"]
[Site "London"]
[Date "2019.12.05"]
[Round "8.36"]
[White "Ifalore, Michael"]
[Black "Cordes, Hans-Joerg"]
[Result "1-0"]
[WhiteElo "1989"]
[BlackElo "2188"]
[Annotator "NA"]
[PlyCount "67"]
[EventDate "2019.11.29"]
[EventType "swiss"]
[EventCountry "ENG"]
[SourceTitle "playchess.com"]
[Source "ChessBase"]
[SourceQuality "1"]
[TimeControl "40/5400+30:1800+30"]

1. e4 {[%emt 0:00:00]} e6 {[%emt 0:01:49]} 2. d4 {[%emt 0:00:00]} d5 {[%emt 0:00:08]} 3. Nd2 {[%emt 0:00:00]} Be7 {[%emt 0:00:15]} 4. e5 {[%emt 0:00:00]} c5 {[%emt 0:01:08]} 5. c3 {[%emt 0:00:00]} Nc6 {[%emt 0:00:40]} 6. Bd3 {[%emt 0:00:00]} cxd4 {[%emt 0:01:50]} 7. cxd4 {[%emt 0:00:00]} Qb6 {[%emt 0:02:53]} 8. Ndf3 {[%emt 0:01:32]} Bd7 {[%emt 0:09:28]} 9. Ne2 {[%emt 0:00:06]} Rc8 {[%emt 0:18:02]} 10. O-O {[%emt 0:04:04]} Nb4 {[%emt 0:01:42]} 11. Bb1 {[%emt 0:00:04]} Qa6 {[%emt 0:14:25]} 12. Bd2 {[%emt 0:03:33]} Ba4 {[%emt 0:01:27]} 13. b3 {[%emt 0:00:56]} Bb5 {[%emt 0:00:16]} 14. Re1 {[%emt 0:00:58]} Nd3 {[%emt 0:04:13]} 15. Bxd3 {[%emt 0:01:25]} Bxd3 {[%emt 0:00:06]} 16. Rc1 {[%emt 0:00:42]} Rxc1 {[%emt 0:03:56]} 17. Bxc1 {[%emt 0:01:06]} Bb4 {[%emt 0:01:33]} 18. Bd2 {[%emt 0:00:03]} Ba3 {[%emt 0:00:17]} 19. Nf4 {[%emt 0:01:11]} Ne7 {[%emt 0:02:14]} 20. Re3 {[%emt 0:00:03]} Be4 {[%emt 0:04:36]} 21. Ng5 {[%emt 0:03:26]} Bg6 {[%emt 0:08:54]} 22. Qf3 {[%emt 0:05:52]} Nf5 {[%emt 0:02:04]} 23. Nxg6 {[%emt 0:01:09]} hxg6 {[%emt 0:03:13]} 24. g4 {[%emt 0:00:09]} Be7 {[%emt 0:00:53]} 25. gxf5 {[%emt 0:01:14]} Bxg5 {[%emt 0:00:34]} 26. Rc3 {[%emt 0:01:30]} Bd8 {[%emt 0:05:43]} 27. fxg6 {[%emt 0:02:21]} O-O {[%emt 0:01:49]} 28. Qg4 {[%emt 0:03:57]} Qxa2 {[%emt 0:06:02]} 29. Bc1 {[%emt 0:08:46]} Qb1 {[%emt 0:02:39]} 30. gxf7+ {[%emt 0:00:19]} Rxf7 {[%emt 0:00:47]} 31. Rc8 {[%emt 0:00:06]} Rf8 {[%emt 0:01:19]} 32. Qxe6+ {[%emt 0:00:09]} Kh7 {[%emt 0:00:08]} 33. Qxd5 {[%emt 0:03:22]} Rf5 {[%emt 0:00:00]} 34. Qxd8 {[%emt 0:00:00]} 1-0

[Event "11th LCC FIDE Open 2019"]
[Site "London"]
[Date "2019.12.05"]
[Round "8.37"]
[White "Brozel, Sacha"]
[Black "Penna, Tommaso"]
[Result "1-0"]
[WhiteElo "2188"]
[BlackElo "2007"]
[Annotator "TA"]
[PlyCount "93"]
[EventDate "2019.11.29"]
[EventType "swiss"]
[EventCountry "ENG"]
[SourceTitle "playchess.com"]
[Source "ChessBase"]
[SourceQuality "1"]

{[%evp 13,93,28,43,29,38,22,35,26,22,-5,0,-3,-8,-13,-8,0,-22,-23,0,-3,29,-21,62,68,131,128,134,93,87,84,135,100,100,97,154,159,162,159,158,152,257,260,280,154,173,161,158,108,136,69,180,64,55,31,99,81,86,89,113,95,111,-77,-90,-217,-216,-206,-196,-397,297,290,290,290,683,681,603,563,29976,29977,29974,29975,5539,5218]} 1. g3 g6 2. Bg2 Bg7 3. c4 d6 4. Nc3 Nf6 5. e4 O-O 6. Nge2 Nc6 7. O-O a6 8. d3 {A16: English Opening: 1...Nf6 with ...d5} Rb8 (8... e5 9. h3 Nd7 10. Be3 Nd4 11. f4 c6 12. f5 b5 13. g4 Rb8 14. Rb1 Nb6 15. b3 b4 16. Na4 Nxa4 17. bxa4 {0-1 (36) Cummings,D (2338)-Jones,G (2698) Reykjavik 2019}) 9. f4 Bd7 10. a4 {White is slightly better.} Qc8 11. Be3 $146 ({Predecessor:} 11. Kh1 Nb4 12. Be3 c5 13. Qd2 Bh3 14. f5 Bxg2+ 15. Kxg2 Ng4 {½-½ (68) Ptacnikova,L (2239)-Gislason,G (2314) Reykjavik 2014}) 11... Ng4 12. Bd2 Nb4 13. Bc1 c5 14. h3 Nf6 15. Kh2 Ne8 16. Be3 Nc7 17. Rc1 Ne6 (17... b5 $1 $11) 18. Nd5 $14 Qe8 (18... Nxd5 $14 19. cxd5 Nd8) 19. Nxb4 $16 cxb4 20. f5 Nc5 21. b3 b5 ({Black should try} 21... e5) 22. axb5 axb5 23. d4 $36 {[%mdl 2048] White is in control.} Na4 (23... Na6 $142) 24. bxa4 bxa4 25. Ra1 Qc8 26. Qd3 $1 b3 (26... Re8 $16 {was called for.} 27. Rab1 b3) 27. Nc3 $1 $18 Qa6 28. Rfb1 ({White should play} 28. Nd5 $18 Rfe8 29. Nc7) 28... Rfc8 29. Bf1 $1 Qa5 30. fxg6 hxg6 31. Bc1 (31. Nd5 $16 Re8 32. Be2) 31... Kf8 (31... Qa7 $1 $14) 32. Bb2 ({Better is} 32. Nd5 $18) 32... Rb4 $14 33. Qe3 {Hoping for Nd5.} Qh5 (33... Rbxc4 $14 34. Bxc4 Rxc4) 34. Nd5 Rbxc4 35. Bxc4 Qxh3+ 36. Kg1 Rxc4 37. Nf4 $2 {[#]} (37. Rf1 $16 {keeps the pressure on.}) 37... Qh8 $1 $17 {Strongly threatening ...Rc2.} 38. Ne2 (38. Rf1 $17 {might work better.} Bxd4 {[#]} 39. Qxd4 $1 {[%mdl 512]} Qxd4+ 40. Bxd4 Rxd4 41. Nxg6+ Ke8 42. Nf4) 38... Rc2 $19 39. Bc3 Bb5 {...Bh6 is the strong threat.} 40. Rxb3 $2 (40. Rb2 {is the only way for White.} Bh6 41. Qf2 Bxe2 42. Rxa4) 40... Rxe2 $4 {[%mdl 8192] [#]} (40... axb3 $19 {and life is good for Black.} 41. Ra8+ Be8) 41. Qxe2 $1 $18 {[%mdl 512]} Bxd4+ (41... Bxe2 42. Rb8#) 42. Kg2 axb3 $2 (42... Bxe2 43. Rb8+ {[%mdl 64] Skewer} Kg7 44. Bxd4+ f6 45. Rxh8 Kxh8 46. Rxa4 Kg8) 43. Qxb5 {Threatening mate with Ra8+.} Qf6 {aiming for ...Qf2+.} 44. Rf1 Qe6 45. Qb8+ Kg7 46. Bxd4+ f6 {[#]} 47. Qb7 $1 {Accuracy: White = 42%, Black = 33%.} 1-0

[Event "11th LCC FIDE Open 2019"]
[Site "London"]
[Date "2019.12.05"]
[Round "8.38"]
[White "Chapman, Matt"]
[Black "Walker, Martin G"]
[Result "0-1"]
[WhiteElo "1937"]
[BlackElo "2162"]
[Annotator "TA"]
[PlyCount "66"]
[EventDate "2019.11.29"]
[EventType "swiss"]
[EventCountry "ENG"]
[SourceTitle "playchess.com"]
[Source "ChessBase"]
[SourceQuality "1"]

{[%evp 15,84,5,13,0,0,0,0,0,0,3,0,0,1,0,6,-2,-11,-52,0,-20,0,0,20,12,28,26,12,0,0,-2,-2,-50,-51,-61,-35,-47,35,-19,0,0,0,0,0,0,0,0,145,110,100,71,529,237,311,-547,-518,-558,-544,-611,-554,-681,-676,-768,-676,-796,-786,-814,-767,-2228,-2174,-12838,-12839]} 1. d4 Nf6 2. Nf3 g6 3. Bg5 Bg7 4. Nbd2 d5 5. e3 O-O 6. c3 Nbd7 7. Be2 c6 8. O-O Re8 9. Bh4 {D03: 1 d4 d5 2 Nf3 Nf6 3 Bg5, including Torre Attack with early ...d5} e5 10. Bg3 {[%cal Rf3e5]} exd4 (10... e4 11. Ne5 Nxe5 12. Bxe5 Bf8 13. Bg3 Bd6 14. Bh4 h6 15. c4 Be6 16. Rc1 Kg7 17. cxd5 cxd5 {½-½ (73) Kramnik,V (2811)-Radjabov,T (2710) Shamkir 2017}) 11. cxd4 {The position is equal.} Ne4 12. Nxe4 dxe4 13. Nd2 {[#]} Nb6 $146 ({Predecessor:} 13... c5 14. Nb3 Qb6 15. Rc1 cxd4 16. exd4 Nf8 {1-0 (37) Gausel,E (2582)-Hermansson,E (2543) Sweden 2007}) 14. Qc2 Qe7 15. Nb3 Nd5 16. a3 h6 (16... h5 $15 17. Qc5 Qg5) 17. Rac1 Kh7 18. Bc4 Rd8 19. Nc5 f5 20. b4 b6 21. Nb3 Bb7 22. Nd2 Rac8 23. Qb3 g5 24. Rc2 c5 25. bxc5 f4 (25... bxc5 $15 26. Rb1 Ba8 27. Bxd5 Rxd5) 26. Nxe4 ({Better is} 26. exf4 $14 gxf4 27. Nxe4 fxg3 28. hxg3) 26... fxg3 27. Nd6 gxf2+ $1 28. Rcxf2 Rxd6 $1 29. cxd6 Qxd6 {Threatening ...Kh8.} 30. Rf7 Rc7 (30... Kh8 $1 $11 31. Rxb7 Nxe3 {[%mdl 64] Double Attack} 32. Rxg7 (32. Qxe3 $2 Bxd4 33. Kh1 Bxe3 $19) 32... Ng4) 31. Rxc7 $16 Nxc7 32. Rf7 Kh8 $2 {[%mdl 8192]} (32... Be4 $16 {is a better chance.}) 33. Qa4 (33. Qb4 $142 Qd8 {[#]} 34. Qe7 $1 {[%mdl 512]} Qxe7 35. Rxe7) 33... Bc6 {Played: b6-b5} 0-1

[Event "11th LCC FIDE Open 2019"]
[Site "London"]
[Date "2019.12.05"]
[Round "8.39"]
[White "Goh, Zi Han"]
[Black "Sarpotdar, Amogh"]
[Result "1/2-1/2"]
[WhiteElo "2134"]
[BlackElo "2015"]
[Annotator "ChessBase"]
[PlyCount "99"]
[EventDate "2019.11.29"]
[EventType "swiss"]
[EventCountry "ENG"]
[SourceTitle "playchess.com"]
[Source "ChessBase"]
[SourceQuality "1"]
[TimeControl "40/5400+30:1800+30"]

1. d4 {[%emt 1:12:37]} Nf6 {[%emt 0:00:24]} 2. c4 {[%emt 0:00:09]} e6 {[%emt 0:00:10]} 3. Nc3 {[%emt 0:00:07]} d5 {[%emt 0:00:10]} 4. cxd5 {[%emt 0:00:06]} exd5 {[%emt 0:00:12]} 5. Bg5 {[%emt 0:00:03]} Be7 {[%emt 0:00:11]} 6. e3 {[%emt 0:00:07]} O-O {[%emt 0:00:11]} 7. Bd3 {[%emt 0:03:54]} c5 8. Nge2 {[%emt 0:16:24]} c4 {[%emt 0:04:44]} 9. Bc2 {[%emt 0:03:48]} Nc6 {[%emt 0:00:37]} 10. Nf4 {[%emt 0:03:07]} Be6 {[%emt 0:01:03]} 11. Bxf6 {[%emt 0:13:54]} Bxf6 {[%emt 0:00:29]} 12. Nfxd5 {[%emt 0:03:14]} Bxd4 {[%emt 0:20:38]} 13. exd4 {[%emt 0:05:45]} Bxd5 {[%emt 0:00:11]} 14. Qh5 {[%emt 0:09:33]} f5 {[%emt 0:07:01]} 15. O-O-O {[%emt 0:06:33]} Qd7 {[%emt 0:05:40]} 16. Rhe1 {[%emt 0:12:28]} Rac8 {[%emt 0:15:31]} 17. Re3 {[%emt 0:02:24]} Nb4 {[%emt 0:03:09]} 18. Re5 {[%emt 0:04:38]} Nd3+ {[%emt 0:03:48]} 19. Bxd3 {[%emt 0:03:24]} cxd3 {[%emt 0:00:12]} 20. Rxd3 {[%emt 0:08:37]} Bxa2 {[%emt 0:00:45]} 21. Qg5 {[%emt 0:04:28]} Rf7 {[%emt 0:05:54]} 22. d5 {[%emt 0:01:25]} Bc4 {[%emt 0:10:10]} 23. Rde3 {[%emt 0:00:43]} Bb5 {[%emt 0:06:08]} 24. Kb1 {[%emt 0:00:42]} f4 {[%emt 0:00:19]} 25. R3e4 {[%emt 0:00:36]} Bd3+ {[%emt 0:00:12]} 26. Kc1 {[%emt 0:00:12]} Bxe4 {[%emt 0:00:19]} 27. Rxe4 Rf5 {[%emt 0:04:02]} 28. Re7 {[%emt 0:00:26]} Rxg5 {[%emt 0:00:58]} 29. Rxd7 {[%emt 0:00:05]} b5 {[%emt 0:01:28]} 30. Kd2 {[%emt 0:01:52]} b4 {[%emt 0:02:47]} 31. Ne4 {[%emt 0:00:13]} Re5 {[%emt 0:00:03]} 32. f3 {[%emt 0:00:15]} Rce8 {[%emt 0:02:11]} 33. d6 {[%emt 0:00:31]} Rd5+ {[%emt 0:00:09]} 34. Kc2 {[%emt 0:00:22]} a5 35. Rc7 {[%emt 0:01:05]} Rd8 {[%emt 0:00:45]} 36. Kb3 {[%emt 0:00:35]} h6 {[%emt 0:01:56]} 37. Kc4 {[%emt 0:00:17]} R5xd6 {[%emt 0:00:13]} 38. Nxd6 {[%emt 0:00:15]} Rxd6 39. Kb3 {[%emt 0:01:28]} Rd2 {[%emt 0:01:02]} 40. Rc2 {[%emt 0:00:34]} Rxc2 {[%emt 0:00:39]} 41. Kxc2 {[%emt 0:00:02]} Kf7 {[%emt 0:00:28]} 42. Kb3 {[%emt 0:00:04]} Ke6 {[%emt 0:00:16]} 43. Ka4 Kd5 {[%emt 0:00:16]} 44. Kxa5 {[%emt 0:06:26]} Kc4 {[%emt 0:02:05]} 45. g3 {[%emt 0:21:30]} g5 {[%emt 0:01:15]} 46. gxf4 {[%emt 0:01:30]} gxf4 {[%emt 0:00:02]} 47. Ka4 {[%emt 0:00:53]} b3 {[%emt 0:03:06]} 48. Ka3 {[%emt 0:00:35]} Kd3 {[%emt 0:00:09]} 49. Kxb3 {[%emt 0:00:05]} Ke3 {[%emt 0:00:05]} 50. Kc3 {[%emt 0:01:34]} 1/2-1/2